Dylan's Backyard Birds - Statistics

General Stats
  • This quiz has been taken 5 times
  • The average score is 10 of 35
Answer Stats
Hint Answer % Correct
American Crow
100%
American Goldfinch
100%
House Finch
100%
Mallard
100%
Black-capped Chickadee
67%
Cooper's Hawk
67%
I European Starling
67%
Mourning Dove
67%
I Ring-necked Pheasant
67%
American Robin
33%
Bushtit
33%
Chestnut-backed Chickadee
33%
Downy Woodpecker
33%
Pine Siskin
33%
Red-breasted Nuthatch
33%
Song Sparrow
33%
White-crowned Sparrow
33%
Anna's Hummingbird
0%
Cedar Waxwing
0%
Dark-eyed Junco
0%
Evening Grosbeak
0%
Golden-crowned Kinglet
0%
Golden-crowned Sparrow
0%
House Wren
0%
Northern Flicker
0%
Pileated Woodpecker
0%
Red-winged Blackbird
0%
Ruby-crowned Kinglet
0%
Rufous Hummingbird
0%
Spotted Towhee
0%
Steller's Jay
0%
Tree Swallow
0%
Varied Thrush
0%
Violet-green Swallow
0%
Western Tanager
0%
No matching quizzes found
Score Distribution
Percent of People with Each Score
Percentile by Number Answered
Your Score History
You have not taken this quiz